| 000 | 004170000a22001330004500 | ||
|---|---|---|---|
| 090 |
_aAS _bSeriadas |
||
| 245 | 1 | 0 | _aBotanical ecology and conservation of the laguna de la Herrera (<Sabana de Bogota, Colombia |
| 041 | 0 | _aInglés | |
| 700 | 1 |
_aRangel Ch., J. Orlando _992819 |
|
| 700 | 1 |
_aCleef, Antoine M. _993067 |
|
| 100 | 1 |
_aWijninga, V. M. _999421 |
|
| 942 | _cARTICULO | ||
| 773 | 1 |
_tCaldasia _345 _h76 _q23-40 _d1989 _g16 |
|
| 999 |
_c14978 _d14978 |
||